An then forgot to tell us why. (Record no. 544571)

000 -LEADER
fixed length control field 00380nam a22001457a 4500
020 ## - INTERNATIONAL STANDARD BOOK NUMBER
International Standard Book Number 0-8213-2382-2
082 ## - DEWEY DECIMAL CLASSIFICATION NUMBER
Classification number 614.3552
Author Mark WIG
100 ## - MAIN ENTRY--PERSONAL NAME
Personal name Wig, David
9 (RLIN) 40229
245 ## - TITLE STATEMENT
Title An then forgot to tell us why.
260 ## - PUBLICATION, DISTRIBUTION, ETC.
Place of publication, distribution, etc. The World Bank
Name of publisher, distributor, etc. Washington
300 ## - PHYSICAL DESCRIPTION
Extent iv, 44 p.:
Other physical details ill, :
Dimensions 6 Cm
526 ## - STUDY PROGRAM INFORMATION NOTE
Program name 0
Interest level 0
Reading level 0
Title point value 614_355200000000000_WIG
650 ## - SUBJECT ADDED ENTRY--TOPICAL TERM
Topical term or geographic name entry element MCE
9 (RLIN) 379
942 ## - ADDED ENTRY ELEMENTS (KOHA)
Source of classification or shelving scheme
Koha item type Book
Holdings
Withdrawn status Lost status Source of classification or shelving scheme Damaged status Not for loan Permanent Location Current Location Date acquired Total Checkouts Full call number Barcode Date last seen Date last checked out Price effective from Koha item type
          Military College of Engineering (MCE) Military College of Engineering (MCE) 05/08/2014 1 614.3552 WIG MCE-43095 05/13/2014 05/13/2014 05/08/2014 Book
© 2023 Central Library, National University of Sciences and Technology. All Rights Reserved.